Class pets : the ghost of P.S. 42 / Frank Asch ; ... Read More
Available copies
- 1 of 1 copy available at LARL/NWRL Consortium.
Current holds
0 current holds with 1 total copy.
Show All Copies
| Location | Call Number / Copy Notes | Barcode | Shelving Location | Status | Due Date |
|---|---|---|---|---|---|
| Greenbush Public Library | j ASC (Text) | 35500003250618 | Main | Available | - |
Record details
- ISBN: 0689846533 (hardcover)
- Physical Description: 88 p. : ill. ; 22 cm.
- Edition: 1st ed.
- Publisher: New York : Simon & Schuster Books for Young Readers, c2002.
Content descriptions
| Summary, etc.: | Molly and her brother Jake are two mice in search ... Read More |
Search for related items by subject
| Subject: | Mice > Fiction. Ghosts > Fiction. Pets > Fiction. Schools > Fiction. |
| LDR | 01269cam a2200301 a 4500 | ||
|---|---|---|---|
| 001 | 46504 | ||
| 003 | LARL_NWRL_CONSORTIUM | ||
| 005 | 20020926173524.0 | ||
| 008 | 020812s2002 nyua c 000 1 eng | ||
| 020 | . | ‡a0689846533 (hardcover) | |
| 035 | 0 | 0. | ‡ilcmarc/BBE-6591/NWRLTECH |
| 040 | . | ‡aDLC ‡cDLC ‡dDLC | |
| 042 | . | ‡alcac | |
| 082 | 0 | 0. | ‡a[Fic] ‡221 |
| 099 | . | ‡aj ASC | |
| 100 | 1 | . | ‡aAsch, Frank. ‡0(LARL_NWRL_CONSORTIUM)54497 |
| 245 | 1 | 0. | ‡aClass pets : ‡bthe ghost of P.S. 42 / ‡cFrank Asch ; illustrated by John Kanzler. |
| 250 | . | ‡a1st ed. | |
| 260 | . | ‡aNew York : ‡bSimon & Schuster Books for Young Readers, ‡cc2002. | |
| 300 | . | ‡a88 p. : ‡bill. ; ‡c22 cm. | |
| 520 | . | ‡aMolly and her brother Jake are two mice in search of the perfect home when they enter P.S. #42, but they soon discover that the school has as many dangers as wonders--including the ghost of a class pet. | |
| 650 | 1. | ‡aMice ‡vFiction. | |
| 650 | 1. | ‡aGhosts ‡vFiction. ‡0(LARL_NWRL_CONSORTIUM)176019 | |
| 650 | 1. | ‡aPets ‡vFiction. ‡0(LARL_NWRL_CONSORTIUM)174050 | |
| 650 | 1. | ‡aSchools ‡vFiction. ‡0(LARL_NWRL_CONSORTIUM)167222 | |
| 700 | 1 | . | ‡aKanzler, John, ‡d1963- ‡0(LARL_NWRL_CONSORTIUM)124071 |
| 901 | . | ‡a46504 ‡bISxN ‡c46504 ‡tbiblio | |

Add to basket
Permalink
Disable Highlighting